Giáo khoa bài tập và bài giải Kinh tế vĩ mô = Auto - manuel Macroéconomie

Spremljeno u:
Bibliografski detalji
Glavni autor: Michel Herland
Format: Knjiga
Jezik:Undetermined
Izdano: Hà Nội Thống kê 1994
Teme:
Oznake: Dodaj oznaku
Bez oznaka, Budi prvi tko označuje ovaj zapis!
Thư viện lưu trữ: Trung tâm Học liệu Trường Đại học Cần Thơ
LEADER 00579nam a2200181Ia 4500
001 CTU_5016
008 210402s9999 xx 000 0 und d
082 |a 339.076 
082 |b H549 
100 |a Michel Herland 
245 0 |a Giáo khoa bài tập và bài giải Kinh tế vĩ mô 
245 0 |b = Auto - manuel Macroéconomie 
245 0 |c Michel Herland, Trần Văn Hùng 
260 |a Hà Nội 
260 |b Thống kê 
260 |c 1994 
650 |a economics, mathematical,macroeconomics 
980 |a Trung tâm Học liệu Trường Đại học Cần Thơ